000 00400nam a2200145 4500
008 0 2002 0a 000 0Mex
020 _a970-686-103-3
050 _aQC21.2 R44 2002
082 _a530 R553f
100 _aReese, Roland Lane
245 _aFísica universitaria.vol. I / Ronald Lane Reese
260 _aMéxico : Thomson
300 _axxiv, 731 p. / 27 cm.
650 _a1. FISICA
999 _c18847
_d18847